书目信息 |
| 题名: |
硅可控整流元件
|
|
| 作者: | ;北京变压器厂《硅可控整流元件》编写组 编 | |
| 分册: | ||
| 出版信息: | 北京 科学出版社 1970 |
|
| 页数: | 291页 | |
| 开本: | 20cm | |
| 丛书名: | ||
| 单 册: | ||
| 中图分类: | TN342 | |
| 科图分类: | ||
| 主题词: | 晶闸管 , 可控硅 | |
| 电子资源: | ||
| ISBN: | ||
| 000 | 00719nam0 2200205 450 | |
| 001 | 0652253677 | |
| 005 | 20060804102236.06 | |
| 010 | @dCNY0.70 | |
| 100 | @a20060412d1970 km y0chiy0120 ea | |
| 101 | 0 | @achi |
| 102 | @aCN@b110000 | |
| 200 | 1 | @a硅可控整流元件@Agui ke kong zheng liu yuan jian@f北京变压器厂《硅可控整流元件》编写组编@Fbei jing bian ya qi chang《gui ke kong zheng liu yuan jian》bian xie zu bian |
| 210 | @a北京@c科学出版社@d1970 | |
| 215 | 1 | @a291页@d20cm |
| 606 | 0 | @a晶闸管 |
| 606 | 0 | @a可控硅 |
| 690 | @aTN342@v4 | |
| 711 | 0 | @a北京变压器厂《硅可控整流元件》编写组@Abei jing bian ya qi chang《gui ke kong zheng liu yuan jian》bian xie zu@4编 |
| 801 | 0 | @aCN@bPFT@c20060804 |
| 905 | @a10447@dTN342@e3 | |
| 硅可控整流元件/北京变压器厂《硅可控整流元件》编写组编.-北京:科学出版社,1970 |
| 291页;20cm |
| ISBN :CNY0.70 |
| ● |
| 相关链接 |
|
|
|
|
正题名:硅可控整流元件
索取号:TN342/3
 
预约/预借
| 序号 | 登录号 | 条形码 | 馆藏地/架位号 | 状态 | 备注 |
| 1 | 0009028 | 202258038 | 密集书库/ [索取号:TN342/3] | 在馆 | |
| 2 | 0009029 | 202258065 | 密集书库/ [索取号:TN342/3] | 在馆 | |
| 3 | 0009032 | 202258109 | 密集书库/ [索取号:TN342/3] | 在馆 | |
| 4 | 0439702 | 204397027 | 密集书库/ [索取号:TN342/3] | 在馆 |